The secret agent on flight 101 / by Franklin W. Dixon.
Frank and Joe, the Hardy boys, solve a mystery involving a magician, American secret agents, and international spy ring, and a Scottish castle.
Record details
- ISBN: 0448189461
- ISBN: 0448089467
- Physical Description: 176 pages : illustrations ; 20 cm.
- Publisher: New York : Grosset & Dunlap, c1967.
Search for related items by subject
| Subject: | Spy stories. Detective and mystery stories. |
| Genre: | Spy stories. |
Search for related items by series
Available copies
- 1 of 1 copy available at scottsboropl.
Holds
- 0 current holds with 1 total copy.
Show Only Available Copies
| Location | Call Number / Copy Notes | Barcode | Shelving Location | Status | Due Date |
|---|---|---|---|---|---|
| scottsboropl | JF Dix | 32269000830854 | Juvenile - Fiction | Available | - |
| LDR | 01039cam a2200289 a 4500 | ||
|---|---|---|---|
| 001 | 118016 | ||
| 003 | CONS | ||
| 005 | 20140703073256.0 | ||
| 008 | 740504s1967 nyua j 000 1 eng | ||
| 010 | . | ‡a 67005471 | |
| 020 | . | ‡a0448189461 | |
| 020 | . | ‡a0448089467 | |
| 035 | . | ‡a(CPomAG)LMN316798 | |
| 050 | 0 | . | ‡aPZ7.D644 ‡bScd |
| 082 | 0 | . | ‡a[Fic] ‡219 |
| 100 | 1 | . | ‡aDixon, Franklin W. |
| 245 | 1 | 4. | ‡aThe secret agent on flight 101 / ‡cby Franklin W. Dixon. |
| 260 | . | ‡aNew York : ‡bGrosset & Dunlap, ‡cc1967. | |
| 300 | . | ‡a176 pages : ‡billustrations ; ‡c20 cm. | |
| 440 | 0. | ‡aHardy boys mystery stories ; ‡v46 | |
| 520 | . | ‡aFrank and Joe, the Hardy boys, solve a mystery involving a magician, American secret agents, and international spy ring, and a Scottish castle. | |
| 650 | 0. | ‡aSpy stories. | |
| 650 | 1. | ‡aDetective and mystery stories. | |
| 655 | 7. | ‡aSpy stories. ‡2gsafd | |
| 914 | . | ‡dLMN_cm | |
| 959 | . | ‡i32269000830854 ‡lJF Dix Mys ‡aJuvenile - Fiction ‡tJuv Fiction ‡g8.00 | |
| 852 | . | ‡p32269000830854 ‡jJF Dix Mys ‡gJuvenile - Fiction ‡cJuv Fiction ‡y8.00 ‡bSBPL | |
| 901 | . | ‡a118016 ‡bUnknown ‡c118016 ‡tbiblio | |